000 00992nam1a22002411 4500
001 rc\248520
005 20030307120540.6
035 _a(NLR Aleph) 005627876
090 _a6549493
_c6549493
100 _a20030307d1990 u |0rusy50 ca
101 0 _arus
102 _aRU
105 _ay |||||||||
200 1 _aМЕТОДИЧЕСКИЕ рекомендации к изучению темы "Химические реакции" в классах с углубленным изучением химии
_fПед. об-во РСФСР. Смол. обл. отд-ние
_g[Сост. к. х. н., доц. Васильевой С.И.]
210 _aСмоленск
_cБ. и.
_d1990
215 _d20
702 1 _aВасильева
_bС. И.
_4220
712 0 2 _aПедагогическое о-во РСФСР
_bСмоленское обл. отделение
_3RU\NLR\AUTH\889977629
801 0 _aRU
_bNLR
_gpsbo
801 1 _aRU
_bELAR
_2rusmarc
852 _aNLR
_j90-4/6846
942 _cBOOK
980 _aNB